COCOVOIT 2 - Statistiques

Statistiques générales
  • Ce quiz a été pris 26 fois
  • Le résultat moyen est 6 sur 12
Statistiques - réponses
Hint Réponse % Correct
- Tu veux pas qu'on utilise ton diminutif ?- Quelle diminutif ? - Bah Seb. - ... Mon prenom ____ _______ C'est Bastien
85%
Ah le truc de dingue attend sa fait quoi ? ça fait 10 ans qu'on s'est pas vue J'ai failli pas te reconnaitre t'es habillé comme un _____ Tocard
65%
Et vous allez faire quoi à Nice ? ________ Tourisme
65%
ça veut dire quoi en Espagnol "Que Cabron" ?- Euheuh ____ __ ______ - Putain t'es un bon toi. Roue de secours
60%
Eh tu sais ce que c'est un fourmiller ?
non !
ooooohh on va bien s'amuser tout les trois
comment ça tout les trois ?
__ _____ ?
La goule
55%
- Nan mais si tu veux à chaque fois qu'on dit quelques choses qui potentiellement peut-être le nom d'un film de porno genre "Tu peux me la tenir" bah on dit titre. - C'est ça le jeux - Ah ouai c'est sympa ouai ... bah tient __ ________ ___ ____ Le seigneur des anus
55%
- J'ai du bon sons si vous voulez.
- C'est pas de la musique bizarre ?
- Non non ____ __ __ _______
c'est de la minimal
50%
Bah disons que le récit est un peu plus éclaté que les précédents, mais le film oscille entre hommage aux anciens et renouvellement du genre. Mais je pense qu'au final, c'est plutôt un divertissement répondant aux attentes qu'il a suscitées quoi ......... ____ _____ . c'est sympa
45%
ça la fait pas chier ta copine que tu vois d'autres filles dans des voitures comme ça ? C'est pas un date non plu .. - __ ___ ________ ________ ! Ah bah première nouvelle
40%
- OOHH CONNARD , tu balances pas tes déchets par la fenètre- oh et ça va -NAN ça va pas je ___ __ __ _____ ____ __ ___ moi t'as banane vais me la foutre dans le cul
40%
- Elle est en phase terminale
- bah justement d'ici 3 ans ..
- il lui reste plus que 6 mois - Je suis désolé... - ____ ______ ___ steuplait .
N'en rajoute pas
35%
- C'est vraiment ce qu'on appelle un décors idyllique- J'y pensais moi aussi j'en suis tout nostalgique - Ouai ya pas a chier ____ ____ __ ____ __ ___ c'est beau ça trou le cul
20%
Aucun quiz correspondant
Distribution des résultats
% des personnes avec chaque résultat
Percentile par nombre de réponses
Votre historique - résultats
Vous n’avez pas pris ce quiz